Quick responsible manufacturing - sila času
Podniková stratégia zameraná na redukciu priebežného času (Quick responsible manufacturing QRM), využiteľná hlavne pri produkcii s veľkým sortimentom a malej opakovateľnosti. Cieľom je znižovanie doby trvania zákazky (Lead time LT). Prínosy aplikácie QRM.
Gespeichert in:
| 1. Verfasser: | |
|---|---|
| Weitere Verfasser: | , |
| Format: | Buchkapitel |
| Sprache: | Slowakisch |
| Schlagworte: | |
| Tags: |
Keine Tags, Fügen Sie das erste Tag hinzu!
|
MARC
| LEADER | 00000naa a2200000 4500 | ||
|---|---|---|---|
| 001 | 0214913 | ||
| 005 | 20231208114818.2 | ||
| 041 | 0 | |a slo | |
| 044 | |a SK | ||
| 245 | 1 | 0 | |a Quick responsible manufacturing - sila času |c Martin Kozok, Filip Šottník, Martin Čánik |
| 520 | |a Podniková stratégia zameraná na redukciu priebežného času (Quick responsible manufacturing QRM), využiteľná hlavne pri produkcii s veľkým sortimentom a malej opakovateľnosti. Cieľom je znižovanie doby trvania zákazky (Lead time LT). Prínosy aplikácie QRM. | ||
| 610 | 2 | 0 | |a manažment produktový |
| 610 | 2 | 0 | |a nástroje riadenia |
| 610 | 2 | 0 | |a procesy podnikové |
| 610 | 2 | 0 | |a riadenie zmien |
| 610 | 2 | 0 | |a riadenie kvality |
| 610 | 2 | 0 | |a organizácia času |
| 610 | 2 | 0 | |a výroba štíhla |
| 100 | 1 | |a Kozok, Martin | |
| 700 | 1 | |a Šottník, Filip | |
| 700 | 1 | |a Čánik, Martin | |